• 首页
  • 本馆介绍
  • 公告通知
  • 最新文献
  • 馆藏检索
  • 电子资源
  • 读者荐购
  • 参考咨询
  • CALIS
  • 我的图书馆
  • 登录
  • 详细信息显示
  • 放入我的书架
  • 预约/预借图书
  • 作者相关作品
  • 分类相关作品
  • 丛书相关作品
  • 出版社相关作品

书目信息

  • 表格格式
  • 工作单格式
  • 卡片格式
题名:
现代微生物生态学
    
 
作者: 池振明 主编
分册:  
出版信息: 北京   科学出版社  2005.08
页数: 441页
开本: 24cm
丛书名: 科学版研究生教学丛书
单 册:
中图分类: Q938.1
科图分类:
主题词: 微生物生态学--wei sheng wu sheng tai xue--研究生--教材
电子资源:
ISBN: 7-03-015051-1
 
 
 
 
 
000 01058nam 2200277 450
001 012006993095
005 20060926160510.21
010    @a7-03-015051-1@dCNY38.00
100    @a20060726d2005 km y0chiy0120 ea
101 0  @achi
102    @aCN@b110000
105    @aa a 000yy
200 1  @a现代微生物生态学@Axian dai wei sheng wu sheng tai xue@d= Modern microbial ecology@f池振明主编@Fchi zhen ming zhu bian@zeng
210    @a北京@c科学出版社@d2005.08
215    @a441页@c图@d24cm
225 2  @a科学版研究生教学丛书@Ake xue ban yan jiu sheng jiao xue cong shu
300    @a本书获得中国海洋大学教材建设基金资助
320    @a有书目。
330    @a全书分十一章,重点介绍了微生物生态学研究的分子生物学方法、海洋环境的微生物、自然极端环境中的微生物和污染环境中的微生物等。
410  0 @12001 @a科学版研究生教学丛书
510 1  @aModern microbial ecology@zeng
606 0  @a微生物生态学@Awei sheng wu sheng tai xue@x研究生@j教材
690    @aQ938.1@v4
701  0 @a池振明@Achi zhen ming@4主编
801  0 @aCN@c20060926
905    @a10447@dQ938.1@eC807
    
    现代微生物生态学= Modern microbial ecology/池振明主编.-北京:科学出版社,2005.08
    441页:图;24cm.-(科学版研究生教学丛书)
    本书获得中国海洋大学教材建设基金资助
    
    ISBN 7-03-015051-1:CNY38.00
    全书分十一章,重点介绍了微生物生态学研究的分子生物学方法、海洋环境的微生物、自然极端环境中的微生物和污染环境中的微生物等。
●
相关链接 在E读中查询图书 在当当中查询图书 在豆瓣中查询图书


正题名:现代微生物生态学     索取号:Q938.1/C807         预约/预借

序号 登录号 条形码 馆藏地/架位号 状态 备注
1 596521   205965213   期刊室512/401自科库 33排4列2层/ [索取号:Q938.1/C807] 在馆    
2 596522   205965222   自科库401/401自科库 33排4列2层/ [索取号:Q938.1/C807] 在馆    
3 596523   205965231   自科库401/401自科库 33排4列2层/ [索取号:Q938.1/C807] 在馆    
河南城建学院图书馆 欢迎您!
大连网信软件有限公司© 版权所有